000 00698nam a22002417a 4500
003 UA-OsUOA
001 44794
007 ta
008 20110217b un ||||| |||| 00| 0 ukr d
100 _aТимочко П.
090 _a82-1
_bТ41
942 _cBR
040 _aUA-OsUOA
_bukr
_cUA-OsUOA
_dUA-OsUOA
245 _aНа канадській землі. Поезії
300 _a44 с.
955 _a3
041 _aukr
080 _a82-1
260 _aТернопіль
_c1991
650 7 _a82 Література. Літературознавство
_2UDC
999 _c424898
_d424898